Los vanguardistas españoles, 1925-1935
Guardat en:
| Autor principal: | |
|---|---|
| Altres autors: | |
| Format: | Llibre |
| Idioma: | espanyol |
| Publicat: |
Madrid, España
Alianza
1973
|
| Col·lecció: | Literatura.
476 |
| Matèries: | |
| Etiquetes: |
Afegir etiqueta
Sense etiquetes, Sigues el primer a etiquetar aquest registre!
|
MARC
| LEADER | 00000cam a2200000 a 4500 | ||
|---|---|---|---|
| 001 | UCG8391 | ||
| 003 | CL-VaPUC | ||
| 005 | 20220427074654.0 | ||
| 008 | 111202e19730000SP |||||||||||||||||spa|d | ||
| 999 | |c 346001 |d 345999 | ||
| 020 | |a 8420614769 | ||
| 040 | |c Pontificia Universidad Católica de Valparaíso | ||
| 082 | 0 | 4 | |a 860 BUC 1973 |2 21 |
| 100 | 0 | |a Buckley, Ramón |9 559396 | |
| 245 | 1 | 4 | |a Los vanguardistas españoles, 1925-1935 |
| 260 | 0 | 3 | |a Madrid, España |b Alianza |c 1973 |
| 300 | |a 438 páginas | ||
| 490 | 0 | |a Literatura. |v 476 | |
| 583 | |a last modification |c 20111202 14:14:00 |k Rodrigo Vera | ||
| 650 | 0 | |a Literatura española |9 306261 | |
| 650 | 7 | |a PROSA |2 CL-VaPUC |9 306692 | |
| 650 | 0 | |a Antologías |9 309836 | |
| 700 | 0 | |a Crispin, John |9 559397 | |
| 942 | |c BK |2 ddc | ||
| 945 | |d 20111202 00:00:00 |a dcastane | ||
| 952 | |0 0 |1 0 |2 ddc |4 0 |6 860_000000000000000_BUC_1973 |7 0 |8 A |9 446422 |a BIBEDU |b BIBEDU |d 2019-11-22 |i 4809203 |o 860 BUC 1973 |p 4809203 |r 2019-11-22 |t 1 |w 2019-11-22 |y BK |k LIT | ||